| 000 | 00972nam a22002892a 4500 | ||
|---|---|---|---|
| 001 | 21447 | ||
| 003 | BD-RjUL | ||
| 005 | 20211209000703.0 | ||
| 008 | 140304s1959 enkcf b 001 0 eng d | ||
| 035 |
_aOCLC ocm01854757 from D960625M _a(BD-RjUL)21511 |
||
| 040 |
_aDLC _cMUB _dOCL _dXBM _dUKM _dBD-RjUL _beng |
||
| 041 | _aeng | ||
| 082 |
_a891.551 _bARR 1959 |
||
| 100 | 0 |
_aArberry, A . J. _95438 |
|
| 245 | 1 | 4 |
_aThe romance of the Rubáiyát / _bEdward Fitzgerald's first edition reprinted with introduction and notes / _cA.J. Arberry |
| 260 |
_aLondon : _bG. Allen & Unwin, _c1959. |
||
| 300 |
_a243 p. : _bport., facsims. ; _c23 cm |
||
| 500 | _aIncludes index. | ||
| 504 | _aBibliography: p. 240-242. | ||
| 650 |
_aPersian poetry _966268 |
||
| 700 | 1 |
_aFitzGerald, Edward, _d1809-1883. _966269 |
|
| 700 | 1 |
_aArberry, A. J. _q(Arthur John), _d1905-1969. _95438 |
|
| 942 |
_2ddc _cBK |
||
| 999 |
_c21447 _d21447 |
||